000 00320nam a2200133Ia 4500
005 20251222143214.0
008 251222s9999||||xx |||||||||||||| ||spa||
020 _a84-254-0879-2
082 _a261/A41
100 _aAlfaro, Juan
245 0 _aHacia una TeologĂ­a del Progreso Humano
264 _bHerder
942 _cLIB
999 _c13553
_d13553